000 00511nam a2200217Ia 4500
003 0100
008 130227s9999 xx 000 0 und d
040 _cARRUPELIB
050 _aBR115.C8M342
100 _aMaritain, Jacques
245 _aReligion and culture
260 _aLondon
260 _bSheed & Ward
260 _C1931
300 _axxvii
300 _b 67p 18cm
440 _aEssays in order n.1
650 _bStowe, Harriet Elizabeth Beecher
700 _aScanlan, J.F. (tr)
942 _2lcc
_01
999 _c35
_d35